[Event "Rafaela IRT U1700"]
[Site "Rafaela"]
[Date "2019.09.01"]
[Round "6.1"]
[White "Sanchez Peretti, Guillermo"]
[Black "Sanchez Lodi, Lucas"]
[Result "1/2-1/2"]
[WhiteElo "1576"]
[BlackElo "1471"]
[PlyCount "30"]
[EventDate "2019.08.31"]
[EventType "swiss"]
[EventRounds "6"]
[EventCountry "ARG"]
[SourceTitle "EXT 2024"]
[Source "ChessBase"]
[SourceDate "2023.10.10"]
[SourceVersion "1"]
[SourceVersionDate "2023.10.10"]
[SourceQuality "1"]

1. d4 d5 2. Nf3 Nf6 3. c4 e6 4. Nc3 Bb4 5. a3 Bxc3+ 6. bxc3 Nc6 7. Bg5 h6 8. Bh4 g5 9. Bg3 Bd7 10. e3 Ne4 11. Qc2 Nxg3 12. hxg3 Qf6 13. cxd5 exd5 14. Qb3 Qf5 15. g4 Qe6 1/2-1/2

[Event "Rafaela IRT U1700"]
[Site "Rafaela"]
[Date "2019.09.01"]
[Round "5.1"]
[White "Velazquez, Dario Ruben"]
[Black "Sanchez Peretti, Guillermo"]
[Result "0-1"]
[WhiteElo "1581"]
[BlackElo "1576"]
[PlyCount "73"]
[EventDate "2019.08.31"]
[EventType "swiss"]
[EventRounds "6"]
[EventCountry "ARG"]
[SourceTitle "EXT 2024"]
[Source "ChessBase"]
[SourceDate "2023.10.10"]
[SourceVersion "1"]
[SourceVersionDate "2023.10.10"]
[SourceQuality "1"]

1. b3 Nf6 2. Bb2 g6 3. e3 Bg7 4. d4 d5 5. Nf3 0-0 6. Be2 Nbd7 7. 0-0 c6 8. Nbd2 Re8 9. Ne5 e6 10. h3 Nxe5 11. dxe5 Nd7 12. Nf3 Qc7 13. c4 Nxe5 14. Nxe5 Bxe5 15. Bxe5 Qxe5 16. Qc2 Bd7 17. Rad1 Rad8 18. Rd4 c5 19. Rd2 Bc6 20. Bf3 dxc4 21. Rxd8 Rxd8 22. Bxc6 cxb3 23. Qxb3 bxc6 24. Qb7 Qb8 25. Qxc6 Qb6 26. Qa4 a5 27. Rc1 Rc8 28. Rc4 Qb1+ 29. Kh2 Qb6 30. Kg1 Rd8 31. Qc2 Re8 32. Qa4 Rb8 33. Rc1 Qb5 34. Qf4 Rc8 35. Qc4 Qxc4 36. Rxc4 Kf8 37. Ra4 0-1

[Event "Santa Fe Rafaela U2200 op"]
[Site "Santa Fe"]
[Date "2018.09.16"]
[Round "6.8"]
[White "Sanchez Peretti, Guillermo"]
[Black "Nardi, Hector Fernando"]
[Result "0-1"]
[WhiteElo "1603"]
[BlackElo "1568"]
[PlyCount "87"]
[EventDate "2018.09.14"]
[EventType "swiss"]
[EventRounds "7"]
[EventCountry "ARG"]
[SourceTitle "EXT 2024"]
[Source "ChessBase"]
[SourceDate "2023.10.10"]
[SourceVersion "1"]
[SourceVersionDate "2023.10.10"]
[SourceQuality "1"]

1. d4 d5 2. c4 e6 3. Nc3 Nf6 4. Bg5 Be7 5. e3 0-0 6. Nf3 Ne4 7. Bxe7 Qxe7 8. Bd3 f5 9. Ne5 c6 10. f3 Qh4+ 11. g3 Nxg3 12. hxg3 Qxh1+ 13. Kd2 Qg2+ 14. Ne2 Nd7 15. Nxd7 Bxd7 16. Qh1 Qxh1 17. Rxh1 Rf6 18. Nf4 Rh6 19. Rxh6 gxh6 20. Ke2 Rf8 21. c5 Rf7 22. b4 Rg7 23. Kf2 a6 24. a4 Kf8 25. a5 Ke7 26. Bc2 Be8 27. Nd3 Bg6 28. Ne5 f4 29. Bxg6 fxg3+ 30. Kxg3 hxg6 31. Kg4 Kf6 32. Kf4 h5 33. Kg3 Rh7 34. Kh4 g5+ 35. Kg3 h4+ 36. Kh3 Kf5 37. Ng4 Rh8 38. Ne5 Rg8 39. Ng4 Kg6 40. Ne5+ Kh5 41. Ng4 Rf8 42. Ne5 Rf5 43. Kg2 Rxe5 44. dxe5 0-1

[Event "Santa Fe Rafaela U2200 op"]
[Site "Santa Fe"]
[Date "2018.09.15"]
[Round "3.7"]
[White "Calderon, Claudio"]
[Black "Sanchez Peretti, Guillermo"]
[Result "0-1"]
[WhiteElo "1120"]
[BlackElo "1603"]
[PlyCount "117"]
[EventDate "2018.09.14"]
[EventType "swiss"]
[EventRounds "7"]
[EventCountry "ARG"]
[SourceTitle "EXT 2024"]
[Source "ChessBase"]
[SourceDate "2023.10.10"]
[SourceVersion "1"]
[SourceVersionDate "2023.10.10"]
[SourceQuality "1"]

1. e4 e6 2. d4 d5 3. exd5 exd5 4. Nf3 Bd6 5. Bd3 Ne7 6. 0-0 0-0 7. Re1 Bf5 8. Bxf5 Nxf5 9. Nc3 c6 10. Qd3 Ne7 11. Ng5 Ng6 12. Qh3 h6 13. Nf3 Qd7 14. Qxd7 Nxd7 15. Bd2 Rfe8 16. Re3 Rxe3 17. Bxe3 Re8 18. Bd2 Ndf8 19. Re1 Rxe1+ 20. Bxe1 Ne6 21. g3 f6 22. Nd1 Ne7 23. Ne3 Kf7 24. Nh4 Nxd4 25. c3 Ne6 26. Nhf5 Nxf5 27. Nxf5 Bf8 28. Bd2 g6 29. Nh4 h5 30. Kg2 a6 31. Nf3 Bd6 32. h4 Nc5 33. Be3 Nd3 34. b4 Ne5 35. Nd4 Nc4 36. Kf3 Be5 37. Nc2 Nxe3 38. Kxe3 Ke6 39. f4 Bc7 40. Nd4+ Kf7 41. Kf3 Bb6 42. Ne2 Ke6 43. a4 Kf5 44. a5 Ba7 45. Nc1 Bb8 46. Ne2 Ke6 47. Nd4+ Kf7 48. g4 Bd6 49. gxh5 gxh5 50. f5 Be5 51. Ne2 Ke7 52. Ke3 Kd6 53. Kd3 c5 54. Ke3 Kc6 55. Kd3 cxb4 56. cxb4 Kb5 57. Nc3+ Kxb4 58. Nxd5+ Kxa5 59. Kc4 0-1